Top 10 Nottingham Forest Premier League Most Assists - Statistics

General Stats
  • This quiz has been taken 35 times
    19 since last reset
  • The average score is 4 of 10
Answer Stats
Player Assists % Correct
Anthony Elanga 20
59%
Morgan Gibbs-White 26
59%
Stuart Pearce 18
53%
Stan Collymore 9
41%
Bryan Roy 21
35%
Ian Woan 21
29%
Steve Chettle 8
24%
Colin Cooper 12
18%
Scot Gemmill 9
18%
Steve Stone 14
18%
No matching quizzes found
Score Distribution
Percent of People with Each Score
Percentile by Number Answered
Your Score History
You have not taken this quiz since the last reset